00486nam a2200157 a 450000100080000000500110000800800410001910000200006024500570008026000400013730000080017749000730018565300230025865300250028170000220030610223172002-08-05 1999 bl uuuu u0uu1 u #d1 aANJOS, J.B. dos aSistema de cultivo em camalhoes com sulcos barrados. aPetrolina: Embrapa Semi-Aridoc1999 a4p. a(Embrapa Semi-Arido. Instrucoes Tecnicas da Embrapa Semi-Arido, 10). aBarrador de sulcos aEquipamento agricola1 aBRITO, L.T. de L.